[Event "42nd IND-ch (w)"]
[Site "Kolkata IND"]
[Date "2015.11.22"]
[Round "9"]
[White "Michelle, Catherina"]
[Black "Tania, Sachdev"]
[Result "1/2-1/2"]
[WhiteElo "2242"]
[BlackElo "2385"]
[EventDate "2015.11.13"]
[PlyCount "119"]

1.e4 e5 2.Nf3 Nc6 3.Bb5 a6 4.Ba4 Nf6 5.O-O b5 6.Bb3 Bb7 7.d3 Be7 8.Re1 O-O
9.a4 d6 10.Nc3 Na5 11.Ba2 b4 12.Ne2 c5 13.Ng3 Bc8 14.c3 Rb8 15.d4 Qc7 16.
cxb4 cxb4 17.Bd2 Nc6 18.Rc1 Qb7 19.d5 Na5 20.Bc4 Nxc4 21.Rxc4 a5 22.Bg5 
Bd7 23.Qb3 Rfc8 24.Rec1 Rxc4 25.Rxc4 Rc8 26.Qc2 Rxc4 27.Qxc4 Bxa4 28.Bxf6 
Bxf6 29.Qa2 Bd7 30.Qxa5 Qb8 31.h3 Bd8 32.Qa6 g6 33.Qe2 f5 34.exf5 gxf5 35.
Qd2 f4 36.Ne4 Bf5 37.Qd3 Kg7 38.Nfd2 Qc7 39.Qb3 Qb8 40.Qc4 Be7 41.Nf3 Qb6 
42.b3 Qa5 43.Nfd2 Bd7 44.Kh2 h6 45.Kg1 Kf8 46.Kh2 Ke8 47.Qd3 Kd8 48.Nc4 
Qc7 49.Qd2 Bf5 50.f3 Bxe4 51.fxe4 Qc5 52.Qe1 Kc7 53.Qg1 Qxg1+ 54.Kxg1 Kb7 
55.Kf2 Ka6 56.Nb2 h5 57.Nd3 Kb5 58.Kf3 Bh4 59.Ke2 Bg3 60.Kf3 1/2-1/2

[Event "42nd IND-ch (w)"]
[Site "Kolkata IND"]
[Date "2015.11.22"]
[Round "9"]
[White "Varshini, Velavan"]
[Black "Soumya, Swaminathan"]
[Result "1/2-1/2"]
[WhiteElo "2163"]
[BlackElo "2341"]
[EventDate "2015.11.13"]
[PlyCount "146"]

1.e4 c5 2.Nf3 d6 3.d4 cxd4 4.Nxd4 Nf6 5.Nc3 Nc6 6.Be2 g6 7.Be3 Bg7 8.O-O 
O-O 9.Nb3 Be6 10.Qd2 Qc8 11.f4 Rd8 12.Bf3 Bc4 13.Rfd1 Ng4 14.Bxg4 Qxg4 15.
h3 Qc8 16.Nd4 Nxd4 17.Bxd4 Bxd4+ 18.Qxd4 Qc5 19.Qxc5 dxc5 20.b3 Be6 21.Nd5
Rd7 22.c4 Kf8 23.Kf2 Rad8 24.Rd2 f5 25.Rad1 fxe4 26.Ke3 Bxd5 27.cxd5 Rd6 
28.Kxe4 e6 29.Rd3 Ke7 30.g4 b5 31.dxe6 Rxe6+ 32.Kf3 Rxd3+ 33.Rxd3 Ra6 34.
Rd2 Rc6 35.Rc2 Kd6 36.Ke4 Rc8 37.Rd2+ Kc6 38.f5 Re8+ 39.Kf4 gxf5 40.gxf5 
Re1 41.f6 c4 42.bxc4 bxc4 43.Kf5 c3 44.Rc2 Kd6 45.Rxc3 Rf1+ 46.Kg5 Rg1+ 
47.Kh6 Rg6+ 48.Kxh7 Rxf6 49.Ra3 Rf2 50.Rxa7 Rh2 51.Ra3 Kc5 52.Kg6 Kb4 53.
Rd3 Kc4 54.Ra3 Kb4 55.Re3 Rxa2 56.h4 Rg2+ 57.Kh6 Kc4 58.h5 Kd5 59.Kh7 Kd6 
60.Re8 Kd7 61.Rg8 Rh2 62.h6 Ke7 63.Rg3 Kf7 64.Rf3+ Ke7 65.Kg7 Rg2+ 66.Kh8 
Rh2 67.h7 Rg2 68.Ra3 Kf7 69.Ra7+ Kf8 70.Ra8+ Kf7 71.Rg8 Rf2 72.Rg7+ Kf8 
73.Ra7 Rf1 1/2-1/2

[Event "42nd IND-ch (w)"]
[Site "Kolkata IND"]
[Date "2015.11.23"]
[Round "10"]
[White "Priyanka, Nutakki"]
[Black "Soumya, Swaminathan"]
[Result "0-1"]
[WhiteElo "1994"]
[BlackElo "2341"]
[EventDate "2015.11.13"]
[PlyCount "90"]

1.d4 d5 2.c4 e6 3.Nc3 c6 4.Nf3 Nf6 5.e3 Nbd7 6.Qc2 Bd6 7.g4 h6 8.Rg1 e5 9.
cxd5 cxd5 10.h4 e4 11.Nd2 Nb6 12.Be2 g5 13.h5 Be6 14.a4 a6 15.f3 exf3 16.
Bxf3 Qc7 17.Kf2 O-O 18.a5 Nc8 19.e4 dxe4 20.Ndxe4 Nh7 21.Ng3 Bxg3+ 22.Rxg3
Ne7 23.Qe4 Qd6 24.Qe5 Qxe5 25.dxe5 Nc6 26.Bxc6 bxc6 27.Ra4 f6 28.exf6 Nxf6
29.Kg1 Rad8 30.Rb4 Rd6 31.Be3 Rd3 32.Rd4 Rd8 33.Ne2 Bxg4 34.Rxd8+ Rxd8 35.
Nd4 Rd6 36.Rg2 Bxh5 37.Nf5 Rd1+ 38.Kh2 Kh7 39.Nxh6 Kxh6 40.Rxg5 Kh7 41.Bb6
Bg6 42.Rc5 Rd2+ 43.Kg1 Be4 44.b4 Ng4 45.Rc3 Rd1# 0-1

[Event "42nd IND-ch (w)"]
[Site "Kolkata IND"]
[Date "2015.11.23"]
[Round "10"]
[White "Swathi, Ghate"]
[Black "Varshini, Velavan"]
[Result "1-0"]
[WhiteElo "2230"]
[BlackElo "2163"]
[EventDate "2015.11.13"]
[PlyCount "93"]

1.e4 c5 2.Ne2 d6 3.g3 Nc6 4.Bg2 g6 5.c3 Bg7 6.d4 cxd4 7.cxd4 e6 8.Nbc3 
Nge7 9.h4 h5 10.Bg5 Qb6 11.O-O Bd7 12.d5 Ne5 13.Rc1 Nc8 14.Nf4 O-O 15.Rc2 
Re8 16.dxe6 fxe6 17.Bh3 Qa5 18.Kh1 Rb8 19.Nce2 Nf3 20.Nxg6 Nxg5 21.hxg5 
Bc6 22.Bg2 Qxg5 23.Nef4 Qg4 24.Nh4 Qxd1 25.Rxd1 Kf7 26.Nxh5 Bh6 27.Rc3 Rg8
28.Rf3+ Ke7 29.Rf6 Bg5 30.Ng6+ Kd7 31.Ne5+ Ke7 32.Rf7+ Ke8 33.Ng7+ Kd8 34.
Nxe6+ Ke8 35.Ng7+ Kd8 36.Nxc6+ bxc6 37.Bh3 Be7 38.Bxc8 Rxc8 39.Nf5 Rc7 40.
Nxe7 Rxe7 41.Rxd6+ Ke8 42.Rxe7+ Kxe7 43.Rxc6 Rb8 44.b3 Rb7 45.Kg2 Kd7 46.
Rh6 Kc8 47.Rh8+ 1-0

[Event "42nd IND-ch (w)"]
[Site "Kolkata IND"]
[Date "2015.11.23"]
[Round "10"]
[White "Tania, Sachdev"]
[Black "Padmini, Rout"]
[Result "0-1"]
[WhiteElo "2385"]
[BlackElo "2437"]
[EventDate "2015.11.13"]
[PlyCount "142"]

1.d4 Nf6 2.c4 e6 3.Nf3 d5 4.Nc3 Be7 5.Bf4 O-O 6.e3 Nbd7 7.c5 Ne4 8.Rc1 f5 
9.Ne5 Nxe5 10.Bxe5 Bf6 11.Bxf6 Qxf6 12.Be2 c6 13.O-O e5 14.dxe5 Qxe5 15.
Qd4 Qxd4 16.exd4 Ng5 17.b4 a6 18.h4 Ne6 19.Rcd1 f4 20.Bg4 Nc7 21.Bxc8 
Raxc8 22.Rfe1 Rce8 23.Kf1 h6 24.Rxe8 Rxe8 25.Ne2 g5 26.hxg5 hxg5 27.g4 
fxg3 28.Nxg3 Kf7 29.Nf5 Kf6 30.Nd6 Rb8 31.Ke2 Nb5 32.Nxb5 axb5 33.Rd3 Ra8 
34.a3 Re8+ 35.Kf3 Kf5 36.Kg3 Re4 37.Rf3+ Kg6 38.Rd3 Rh4 39.f3 Kf5 40.Re3 
Rxd4 41.Re7 Rd3 42.Rf7+ Ke5 43.Kg4 Rxa3 44.Rxb7 Ra1 45.Re7+ Kd4 46.Rc7 Kc3
47.Rxc6 Rg1+ 48.Kf5 Kxb4 49.Rc8 Rg3 50.Ke5 Rxf3 51.Kxd5 g4 52.c6 Rd3+ 53.
Ke6 Kc5 54.c7 Kc6 55.Rb8 Rd6+ 56.Kf5 Rd5+ 57.Kxg4 Kxc7 58.Rh8 b4 59.Kf4 
Kc6 60.Ke4 Rd1 61.Rb8 Kc5 62.Ke3 Kc4 63.Ke2 Rd7 64.Rc8+ Kb3 65.Rb8 Kc3 66.
Rc8+ Kb2 67.Rb8 b3 68.Ra8 Kc2 69.Rc8+ Kb1 70.Rb8 b2 71.Ra8 Rd5 0-1

[Event "42nd IND-ch (w)"]
[Site "Kolkata IND"]
[Date "2015.11.23"]
[Round "10"]
[White "Priyanka, Kumari"]
[Black "Michelle, Catherina"]
[Result "1/2-1/2"]
[WhiteElo "2011"]
[BlackElo "2242"]
[EventDate "2015.11.13"]
[PlyCount "93"]

1.e4 e5 2.Nf3 d6 3.d4 exd4 4.Nxd4 Nf6 5.Nc3 Be7 6.Be2 O-O 7.O-O Re8 8.f4 
c5 9.Nb3 Nc6 10.Re1 Bf8 11.Bf3 a5 12.a4 Be6 13.Be3 Qb6 14.Bf2 Nb4 15.Nb5 
Rad8 16.g4 Bxg4 17.Bxg4 Nxg4 18.Qxg4 Nxc2 19.Rad1 Nxe1 20.Rxe1 Ra8 21.Qd7 
Rac8 22.Nd2 Qc6 23.Qf5 g6 24.Qd5 Qxd5 25.exd5 Rxe1+ 26.Bxe1 Re8 27.Kf2 f5 
28.Nc7 Rc8 29.Ne6 c4 30.Nb1 Be7 31.Bc3 h6 32.Na3 b6 33.Nb5 Kf7 34.Kf3 Rg8 
35.Bd4 Rb8 36.h4 Kg8 37.Kg3 Kf7 38.Bg7 Rc8 39.Bc3 Rg8 40.Bd4 Rb8 41.Na7 
Bf6 42.Bxf6 Kxf6 43.Nb5 Ke7 44.Kf3 Rh8 45.Kg3 Rc8 46.Nc3 Rh8 47.Nb5 
1/2-1/2

[Event "42nd IND-ch (w)"]
[Site "Kolkata IND"]
[Date "2015.11.23"]
[Round "10"]
[White "Vaishali, Ramesh Babu"]
[Black "Singh, Neha"]
[Result "1-0"]
[WhiteElo "2298"]
[BlackElo "2024"]
[EventDate "2015.11.13"]
[PlyCount "150"]

1.Nf3 Nf6 2.g3 g6 3.b3 Bg7 4.Bb2 O-O 5.Bg2 d6 6.d4 c5 7.c4 Nbd7 8.O-O Rb8 
9.Nc3 a6 10.a4 b6 11.e4 cxd4 12.Nxd4 Bb7 13.Re1 Qc7 14.Nd5 Qd8 15.Rc1 Re8 
16.h3 e6 17.Nc3 e5 18.Nc2 Nc5 19.Nb4 Ne6 20.Nbd5 Nd7 21.Ne2 Rc8 22.h4 Nb8 
23.Qd2 Nc6 24.Bh3 Rb8 25.Bxe6 fxe6 26.Ne3 Re7 27.Red1 Rd7 28.Qe1 Na5 29.b4
Nb3 30.Nc3 Nxc1 31.Bxc1 Rc8 32.Qe2 b5 33.axb5 axb5 34.Qg4 bxc4 35.Qxe6+ 
Kf8 36.b5 Qe8 37.Qg4 Qf7 38.Ba3 Rcd8 39.Qe2 Kg8 40.Nxc4 Bf8 41.Nd5 Qe6 42.
Kg2 Rf7 43.Bc1 Bc8 44.Rh1 Bb7 45.Rd1 Bc8 46.Rh1 Bb7 47.Ncb6 Bg7 48.h5 gxh5
49.Qxh5 Qg6 50.Qxg6 hxg6 51.Be3 Rb8 52.Rb1 Kf8 53.Nc4 Rd7 54.Na5 Kf7 55.
Nxb7 Rdxb7 56.b6 Bf6 57.Kf3 Rd8 58.Kg4 Ke6 59.Rb2 Rc8 60.Ra2 Rcb8 61.Rb2 
Ra8 62.Rc2 Rab8 63.Ra2 Rc8 64.f3 Rcb8 65.Ra6 Rc8 66.f4 exf4 67.gxf4 Rc4 
68.Kf3 Rc8 69.Ra1 Rh7 70.Rg1 Rh3+ 71.Ke2 Kf7 72.Ra1 Rh2+ 73.Kd3 Rb2 74.
Ra7+ Kf8 75.Rd7 Rb3+ 1-0

[Event "42nd IND-ch (w)"]
[Site "Kolkata IND"]
[Date "2015.11.23"]
[Round "10"]
[White "Kulkarni, Bhakti"]
[Black "Pratyusha, Bodda"]
[Result "1-0"]
[WhiteElo "2257"]
[BlackElo "2248"]
[EventDate "2015.11.13"]
[PlyCount "97"]

1.d4 d5 2.c4 c6 3.Nf3 Nf6 4.e3 Bf5 5.Nc3 e6 6.Nh4 Be4 7.f3 Bg6 8.Qb3 Qc7 
9.Bd2 Nbd7 10.O-O-O Be7 11.Nxg6 hxg6 12.h3 dxc4 13.Bxc4 b5 14.Be2 a6 15.
Kb1 c5 16.dxc5 Nxc5 17.Qc2 Rc8 18.Rc1 O-O 19.Rhd1 Qb8 20.a3 Nfd7 21.f4 Nb6
22.Ne4 Nba4 23.Bb4 e5 24.Nxc5 Bxc5 25.Qb3 exf4 26.Bg4 Rc7 27.exf4 Bxb4 28.
Qxb4 Nb6 29.f5 gxf5 30.Bxf5 Rxc1+ 31.Rxc1 Nc4 32.Bd3 Ne5 33.Bc2 Nc4 34.Bb3
Ne5 35.Qf4 Qd6 36.Rd1 Qc5 37.Qf5 Qe3 38.Bc2 g6 39.Qf6 Nc4 40.Ka2 Qe2 41.
Bb3 Qxg2 42.h4 Qe2 43.Rg1 Rb8 44.Rf1 Rb7 45.Rf2 Qe6 46.Qd8+ Kg7 47.h5 Qd7 
48.h6+ Kxh6 49.Rh2+ 1-0

[Event "42nd IND-ch (w)"]
[Site "Kolkata IND"]
[Date "2015.11.24"]
[Round "11"]
[White "Pratyusha, Bodda"]
[Black "Priyanka, Nutakki"]
[Result "0-1"]
[WhiteElo "2248"]
[BlackElo "1994"]
[EventDate "2015.11.13"]
[PlyCount "70"]

1.e4 e6 2.d4 d5 3.Bd3 dxe4 4.Bxe4 Nf6 5.Bf3 Bd6 6.Ne2 O-O 7.Nbc3 Nbd7 8.
Bg5 h6 9.Be3 Nb6 10.Qd3 Nfd5 11.Nxd5 exd5 12.b3 Be6 13.Nf4 Qf6 14.Nh5 Qe7 
15.O-O-O a5 16.a4 Ba3+ 17.Kb1 Ra6 18.Ka2 Bd6 19.h4 f5 20.Bf4 Bb4 21.Be2 
Bf7 22.Be5 Bxh5 23.Bxh5 Qd7 24.Ra1 Nxa4 25.bxa4 Rb6 26.Kb2 Bd2+ 27.Qb3 
Rxb3+ 28.cxb3 b5 29.Rh3 f4 30.Rd1 Bb4 31.axb5 Qxb5 32.Bxc7 g6 33.Bg4 Qc6 
34.Be5 h5 35.Rhh1 Qc3+ 0-1

[Event "42nd IND-ch (w)"]
[Site "Kolkata IND"]
[Date "2015.11.24"]
[Round "11"]
[White "Singh, Neha"]
[Black "Kulkarni, Bhakti"]
[Result "0-1"]
[WhiteElo "2024"]
[BlackElo "2257"]
[EventDate "2015.11.13"]
[PlyCount "46"]

1.e4 d5 2.exd5 Nf6 3.d4 Bg4 4.Be2 Bxe2 5.Nxe2 Qxd5 6.O-O e6 7.b3 Nc6 8.c4 
Qf5 9.Nd2 O-O-O 10.Bb2 Bd6 11.Nf3 h6 12.Rc1 g5 13.Qc2 Qxc2 14.Rxc2 Be7 15.
Rcc1 Rhe8 16.Rfd1 a5 17.a3 Rd7 18.Ne5 Nxe5 19.dxe5 Rxd1+ 20.Rxd1 Ne4 21.f3
Nc5 22.Nd4 Rd8 23.Kf1 Nxb3 0-1

[Event "42nd IND-ch (w)"]
[Site "Kolkata IND"]
[Date "2015.11.24"]
[Round "11"]
[White "Michelle, Catherina"]
[Black "Vaishali, Ramesh Babu"]
[Result "0-1"]
[WhiteElo "2242"]
[BlackElo "2298"]
[EventDate "2015.11.13"]
[PlyCount "72"]

1.e4 e5 2.Nf3 Nc6 3.d4 exd4 4.Nxd4 Nf6 5.Nxc6 bxc6 6.e5 Qe7 7.Qe2 Nd5 8.c4
Ba6 9.Nd2 g6 10.Nf3 Bg7 11.Bg5 f6 12.exf6 Qxe2+ 13.Bxe2 Nxf6 14.O-O-O 
O-O-O 15.Be3 Rde8 16.Rhe1 Kb8 17.h3 Re7 18.Bf1 Rhe8 19.Kc2 Ne4 20.Bd3 d6 
21.c5 Bxd3+ 22.Kxd3 d5 23.Rc1 Kc8 24.Nd4 Kd7 25.f3 Bxd4 26.Kxd4 Ng5 27.b4 
Ne6+ 28.Kd3 Nf4+ 29.Bxf4 Rxe1 30.Rc2 Rd1+ 31.Rd2 Ree1 32.a4 Rxd2+ 33.Kxd2 
Ra1 34.a5 Ra2+ 35.Kd3 Rxg2 36.Be5 Rg5 0-1

[Event "42nd IND-ch (w)"]
[Site "Kolkata IND"]
[Date "2015.11.24"]
[Round "11"]
[White "Padmini, Rout"]
[Black "Priyanka, Kumari"]
[Result "0-1"]
[WhiteElo "2437"]
[BlackElo "2011"]
[EventDate "2015.11.13"]
[PlyCount "120"]

1.d4 Nf6 2.Nf3 g6 3.Bg5 Bg7 4.Nbd2 d5 5.e3 O-O 6.Bd3 Nbd7 7.O-O c5 8.c3 
Qc7 9.Bf4 Qb6 10.Qc2 Nh5 11.Bg5 e5 12.dxe5 Nxe5 13.Nxe5 Bxe5 14.Rad1 Be6 
15.f4 Bg7 16.f5 Bd7 17.c4 d4 18.e4 f6 19.Bh4 g5 20.Bf2 Nf4 21.b3 Rfe8 22.
Bg3 Nh5 23.Be1 Bf8 24.g3 Re7 25.Nf3 Bc6 26.Qe2 Ng7 27.Nxg5 fxg5 28.f6 Re5 
29.fxg7 Bxg7 30.Bd2 h6 31.Rf5 Rae8 32.Rdf1 Rxf5 33.Rxf5 Bd7 34.Qh5 Rf8 35.
Rxf8+ Kxf8 36.h4 gxh4 37.Qxh4 Qd6 38.Qd8+ Kf7 39.Bf4 Qe7 40.Qb8 Bc6 41.Bd6
Qg5 42.Qc7+ Ke6 43.Bf4 Qe7 44.Qc8+ Qd7 45.Qg8+ Qf7 46.Qc8+ Qd7 47.Qb8 a6 
48.e5 Kf7 49.Bh7 Bf8 50.Bd3 Qh3 51.Qc7+ Be7 52.Kf2 Qg2+ 53.Ke1 Qg1+ 54.Kd2
Qf2+ 55.Be2 d3 56.e6+ Kg6 57.Kxd3 Qd4+ 58.Kc2 Be4+ 59.Kc1 Qc3+ 60.Kd1 Bc2+
0-1

[Event "42nd IND-ch (w)"]
[Site "Kolkata IND"]
[Date "2015.11.24"]
[Round "11"]
[White "Varshini, Velavan"]
[Black "Tania, Sachdev"]
[Result "0-1"]
[WhiteElo "2163"]
[BlackElo "2385"]
[EventDate "2015.11.13"]
[PlyCount "90"]

1.e4 e5 2.Nf3 Nc6 3.Bb5 a6 4.Ba4 Nf6 5.Qe2 Be7 6.O-O b5 7.Bb3 d6 8.c3 O-O 
9.Rd1 Na5 10.Bc2 c5 11.d3 Re8 12.Nbd2 Bf8 13.Nf1 h6 14.Ng3 d5 15.h3 d4 16.
cxd4 cxd4 17.Bd2 Nc6 18.Bb3 Na5 19.Bxa5 Qxa5 20.Nd2 Bd7 21.Nh5 Nh7 22.Rf1 
g6 23.Ng3 Bd6 24.Rfc1 Rac8 25.h4 h5 26.Nf3 Bg4 27.Nf1 Qd8 28.Rxc8 Qxc8 29.
N1h2 Bd7 30.Qd2 Qd8 31.Rc1 Kg7 32.Bd5 Rf8 33.Nf1 f6 34.Ng3 Qb6 35.Rc2 Rc8 
36.Rxc8 Bxc8 37.Qc2 Qc5 38.Qb3 Nf8 39.Bg8 Qc7 40.Bd5 Nd7 41.Ne1 Qc1 42.Kf1
Nc5 43.Qa3 b4 44.Qxb4 Nxd3 45.Qa5 Bb4 0-1

[Event "42nd IND-ch (w)"]
[Site "Kolkata IND"]
[Date "2015.11.24"]
[Round "11"]
[White "Soumya, Swaminathan"]
[Black "Swathi, Ghate"]
[Result "1-0"]
[WhiteElo "2341"]
[BlackElo "2230"]
[EventDate "2015.11.13"]
[PlyCount "121"]

1.d4 d5 2.c4 c6 3.Nc3 Nf6 4.e3 e6 5.Nf3 Nbd7 6.Qc2 b6 7.Bd3 Bb7 8.O-O Be7 
9.Rd1 Qc7 10.b3 O-O 11.Bb2 h6 12.Rac1 Rac8 13.Qe2 Qb8 14.e4 dxe4 15.Nxe4 
c5 16.dxc5 bxc5 17.Ng3 Bd6 18.Re1 Rfd8 19.Rcd1 Ba8 20.Bb1 Be7 21.Bc3 Nf8 
22.Rxd8 Rxd8 23.Ne5 Qb7 24.f3 Qc7 25.Qb2 Ne8 26.Ng4 f6 27.Nh5 e5 28.Qf2 
Bd6 29.Qg3 Kf7 30.Nxg7 Nxg7 31.Nxh6+ Ke8 32.Bg6+ Kd7 33.Nf7 Nfe6 34.Nxd8 
Qxd8 35.h4 Qh8 36.Qg4 Kc7 37.Rd1 Bc6 38.Ba5+ Kd7 39.b4 Ke7 40.b5 Bd7 41.
Qe4 Nf4 42.h5 Ngxh5 43.Bxh5 Qxh5 44.Qa8 Qe8 45.Qxe8+ Bxe8 46.Bd8+ Ke6 47.
Bxf6 Ne2+ 48.Kf2 Nc3 49.Rd3 Nxa2 50.Bg5 Nb4 51.Ra3 Kf5 52.Be3 Bf7 53.g4+ 
Kf6 54.Rxa7 Bxc4 55.b6 Nc6 56.Rh7 Bd5 57.Rh6+ Ke7 58.g5 c4 59.g6 c3 60.
Bg5+ Kf8 61.g7+ 1-0